| 000 | 00404 a2200157 4500 | ||
|---|---|---|---|
| 003 | Nust | ||
| 005 | 20170207171533.0 | ||
| 020 | _a9780-073380575 | ||
| 040 | _cNust | ||
| 082 | _a621.3192 | ||
| 100 | _aAlexander,K Charles | ||
| 245 |
_aFundamentals of Electric Circuits (EBOOK) _cCharles K. Alexander & Matthew N. O. Sadiku |
||
| 250 | _a5th ed | ||
| 260 |
_aNew York _bMc Graw Hill _c2009 |
||
| 300 | _a875,p; | ||
| 942 |
_2ddc _cBK |
||
| 999 |
_c217132 _d217132 |
||